Alternative energy sources II (Record no. 34110)

MARC details
000 -LEADER
fixed length control field 00544nam a2200145 a 4500
008 - FIXED-LENGTH DATA ELEMENTS--GENERAL INFORMATION
fixed length control field 120416s0000 ||||||||||||||||| || u
020 ## - INTERNATIONAL STANDARD BOOK NUMBER
International Standard Book Number 0891162194
050 ## - LIBRARY OF CONGRESS CALL NUMBER
Classification number TJ 163.15 Alt
100 ## - MAIN ENTRY--PERSONAL NAME
Personal name Veziroglu, Nejat
245 10 - TITLE STATEMENT
Title Alternative energy sources II
Statement of responsibility, etc. edited by Nejat Veziroglu
260 ## - PUBLICATION, DISTRIBUTION, ETC.
Place of publication, distribution, etc. Washington
Name of publisher, distributor, etc. Hemisphere Publishing Corporation
Date of publication, distribution, etc. 1981
300 ## - PHYSICAL DESCRIPTION
Extent Vol.7
350 ## - PRICE (NR) (BK AM CF MU VM SE) [OBSOLETE]
Price 0.00
995 ## - RECOMMENDATION 995 [LOCAL, UNIMARC FRANCE]
-- 0.00
-- CBU-MAIN LIBRARY (Kitwe)
-- 1
-- 21.00
-- AVAILABLE
-- Main Library Open Access Collection
Holdings
Withdrawn status Lost status Source of classification or shelving scheme Damaged status Not for loan Home library Current library Shelving location Date acquired Total Checkouts Full call number Barcode Date last seen Price effective from Koha item type
          CBU-MAIN LIBRARY, KITWE. CBU-MAIN LIBRARY, KITWE.   11/30/2022   TJ 163.15 Alt 026381 11/30/2022 11/30/2022 MONOGRAPH